| 000 | 00416nam a2200181Ia 4500 | ||
|---|---|---|---|
| 005 | 20250423100328.0 | ||
| 008 | 250422s9999 xx 000 0 und d | ||
| 020 | _a0-8050-6389-7 | ||
| 050 | _aHD4918.E375 | ||
| 100 | _aBarbara Ehrenreich | ||
| 245 | 0 | _aNickel and Dimed | |
| 260 | _aNew York | ||
| 260 | _bHenry Holt and Company | ||
| 260 | _c2001 | ||
| 300 | _a230 p | ||
| 650 | _aLiterature | ||
| 942 | _cBK | ||
| 999 |
_c32973 _d32973 |
||